[Event "Pardubice Czech op-A 24th"]
[Site "Pardubice"]
[Date "2013.07.22"]
[Round "4"]
[White "Mukashev, Assan"]
[Black "Jorczik, Julian Marcel"]
[Result "1/2-1/2"]
[WhiteElo "2247"]
[BlackElo "2422"]
[PlyCount "34"]
[EventDate "2013.07.19"]
[EventType "swiss"]
[EventRounds "9"]
[EventCountry "CZE"]
[SourceTitle "CBM 155 Extra"]
[Source "ChessBase"]
[SourceDate "2013.08.26"]
[SourceVersion "1"]
[SourceVersionDate "2013.08.26"]
[SourceQuality "1"]

1. d4 Nf6 2. Nf3 c5 3. g3 e6 4. Bg2 b6 5. c4 Bb7 6. d5 exd5 7. Nh4 Be7 8. cxd5 d6 9. Nf5 0-0 10. Nc3 a6 11. a4 Re8 12. Nxe7+ Qxe7 13. 0-0 Nbd7 14. Rb1 Rac8 15. Re1 c4 16. b4 cxb3 17. Rxb3 Ng4 1/2-1/2

[Event "Pardubice Czech op-A 24th"]
[Site "Pardubice"]
[Date "2013.07.19"]
[Round "1"]
[White "Jorczik, Julian Marcel"]
[Black "Sanders, Isaac B"]
[Result "0-1"]
[WhiteElo "2422"]
[BlackElo "2210"]
[PlyCount "93"]
[EventDate "2013.07.19"]
[EventType "swiss"]
[EventRounds "9"]
[EventCountry "CZE"]
[SourceTitle "CBM 155 Extra"]
[Source "ChessBase"]
[SourceDate "2013.08.26"]
[SourceVersion "1"]
[SourceVersionDate "2013.08.26"]
[SourceQuality "1"]

1. d4 Nf6 2. Nf3 e6 3. c4 b6 4. g3 Ba6 5. Qc2 Bb7 6. Bg2 c5 7. d5 exd5 8. cxd5 Nxd5 9. 0-0 Be7 10. Rd1 Nc6 11. Qf5 Nf6 12. e4 d6 13. e5 Qd7 14. Qxd7+ Nxd7 15. exd6 Bf6 16. Nc3 0-0-0 17. Bg5 h6 18. Bxf6 Nxf6 19. a3 Kb8 20. Rd2 Na5 21. Re2 Nb3 22. Rd1 Bxf3 23. Bxf3 Nd4 24. Re3 Rxd6 25. Bg2 Rhd8 26. h3 Ne2+ 27. Rxe2 Rxd1+ 28. Nxd1 Rxd1+ 29. Kh2 Kc7 30. Rc2 Rd4 31. Kg1 Kd6 32. Kf1 a5 33. Ke2 b5 34. Rc3 b4 35. axb4 axb4 36. Rc1 c4 37. Ra1 Kc5 38. Ra5+ Kb6 39. Ra8 Rd7 40. Rb8+ Kc5 41. Rc8+ Kd4 42. Rb8 b3 43. Rc8 Nd5 44. Kd2 Nb6 45. Re8 c3+ 46. Kc1 Nc4 47. Re4+ 0-1

[Event "BL2-Ost 1213"]
[Site "Germany"]
[Date "2013.04.14"]
[Round "9.4"]
[White "Tischbierek, Raj"]
[Black "Jorczik, Julian Marcel"]
[Result "0-1"]
[WhiteElo "2468"]
[BlackElo "2407"]
[PlyCount "104"]
[EventDate "2012.10.14"]
[EventType "team-tourn"]
[EventRounds "9"]
[EventCountry "GER"]
[SourceTitle "CBM 154 Extra"]
[Source "ChessBase"]
[SourceDate "2013.06.25"]
[SourceVersion "2"]
[SourceVersionDate "2013.06.25"]
[SourceQuality "1"]
[WhiteTeam "Dresden TU"]
[BlackTeam "Bayern Muenchen"]
[WhiteTeamCountry "GER"]
[BlackTeamCountry "GER"]

1. e4 e6 2. d4 d5 3. Nc3 Nf6 4. Bg5 Bb4 5. e5 h6 6. Bc1 Ne4 7. Qg4 Kf8 8. Nge2 Nxc3 9. Nxc3 c5 10. a3 Qa5 11. Bd2 cxd4 12. axb4 Qxa1+ 13. Nd1 Qa4 14. b3 Qc6 15. Bd3 Qb6 16. Qf4 Bd7 17. Bg6 Be8 18. 0-0 Nc6 19. Nb2 Kg8 20. Na4 Qc7 21. Bd3 Qxe5 22. Qg3 h5 23. Qh4 Qd6 24. Nc5 b6 25. Na6 Qd8 26. Bg5 f6 27. Bd2 e5 28. c4 dxc3 29. Bxc3 Bf7 30. f4 e4 31. Bb5 Rc8 32. Rd1 Qe7 33. Qh3 Kh7 34. Rxd5 g6 35. Rd7 Rhd8 36. Rxe7 Nxe7 37. Be2 Nd5 38. f5 Rxc3 39. fxg6+ Bxg6 40. Qe6 e3 41. h3 Kg7 42. Bf3 Bf7 43. Qf5 Re8 44. Be2 Rc1+ 45. Kh2 Re5 46. Qf3 Nc3 47. Qg3+ Kf8 48. Nb8 Nxe2 49. Nd7+ Ke7 50. Qg7 Re6 51. Nf8 Nf4 52. Nh7 Ng6 0-1